[Event "Millionaire Chess Op 2015"]
[Site "Las Vegas USA"]
[Date "2015.10.09"]
[Round "4.8"]
[White "Najer, Evgeniy"]
[Black "Raznikov, Danny"]
[Result "1/2-1/2"]
[WhiteTitle "GM"]
[BlackTitle "GM"]
[WhiteElo "2658"]
[BlackElo "2514"]
[WhiteFideId "4118987"]
[BlackFideId "2811154"]
[EventDate "2015.10.08"]

1. e4 e5 2. Nf3 Nc6 3. Bb5 a6 4. Ba4 Nf6 5. O-O Be7 6. Re1 b5 7. Bb3 d6 8. c3
O-O 9. h3 Na5 10. Bc2 c5 11. d4 Nd7 12. Nbd2 exd4 13. cxd4 Nc6 14. d5 Nce5 15.
a4 Rb8 16. axb5 axb5 17. Nxe5 Nxe5 18. f4 Ng6 19. Nf3 Bh4 20. Nxh4 Qxh4 21. f5
Ne5 22. b4 c4 23. Rf1 Bd7 24. Be3 Ra8 25. Qd2 f6 26. Bf4 Rfe8 27. Qd4 h6 28. Ra7
Kh7 29. Bd1 Nd3 30. Rxa8 Nxf4 31. Rxe8 Nxh3+ 32. gxh3 Qg3+ 33. Kh1 Qxh3+ 34. Kg1
Qg3+ 1/2-1/2

[Event "Millionaire Chess Op 2015"]
[Site "Las Vegas USA"]
[Date "2015.10.09"]
[Round "4.9"]
[White "Huschenbeth, Niclas"]
[Black "Shankland, Samuel L"]
[Result "1/2-1/2"]
[WhiteTitle "GM"]
[BlackTitle "GM"]
[WhiteElo "2541"]
[BlackElo "2638"]
[WhiteFideId "24604747"]
[BlackFideId "2004887"]
[EventDate "2015.10.08"]

1. e4 e6 2. d4 d5 3. Nd2 c5 4. exd5 Qxd5 5. Ngf3 cxd4 6. Bc4 Qd8 7. O-O Nc6 8.
Nb3 a6 9. Nbxd4 Nxd4 10. Nxd4 Qc7 11. Qe2 Bd6 12. Re1 Ne7 13. h3 O-O 14. Nf3 Ng6
15. Bd3 Nf4 16. Bxf4 Bxf4 17. Rad1 g6 18. Ne5 Bh6 19. h4 Bg7 20. Qe4 b6 21. Qf4
Ra7 22. Qe3 Rd8 23. h5 Rd5 24. f4 Bb7 25. c4 Rd8 26. Be4 Raa8 27. Bxb7 Qxb7 28.
b3 Qc7 29. Nf3 a5 30. a4 Rd6 31. Rxd6 Qxd6 32. hxg6 hxg6 33. Re2 Rd8 34. Kf2 Kf8
35. Rd2 Qxd2+ 36. Qxd2 Rxd2+ 37. Nxd2 Bd4+ 38. Ke2 f5 39. Nf3 Bc5 1/2-1/2

[Event "Millionaire Chess Op 2015"]
[Site "Las Vegas USA"]
[Date "2015.10.09"]
[Round "4.10"]
[White "Chirila, Ioan-Cristian"]
[Black "Nyzhnyk, Illya"]
[Result "1/2-1/2"]
[WhiteTitle "GM"]
[BlackTitle "GM"]
[WhiteElo "2529"]
[BlackElo "2628"]
[WhiteFideId "1211668"]
[BlackFideId "14118084"]
[EventDate "2015.10.08"]

1. d4 d5 2. c4 dxc4 3. Nf3 Nf6 4. e3 e6 5. Bxc4 a6 6. O-O c5 7. Qe2 cxd4 8. Rd1
Nc6 9. exd4 Be7 10. Nc3 Nb4 11. Ne5 O-O 12. Bg5 b5 13. Bb3 Bb7 14. a4 bxa4 15.
Nxa4 Ne4 16. Nc5 Nxc5 17. dxc5 Bd5 18. Bxd5 exd5 19. Nd3 Nc6 20. Bxe7 Nxe7 21.
Nf4 a5 22. Qe5 Re8 23. Nh5 f6 24. Qe6+ Kf8 25. Nf4 Ng6 26. Nxg6+ hxg6 27. Qg4
Rb8 28. Qxg6 Rxb2 29. Qh5 d4 30. Qh8+ Kf7 31. Qh5+ Kf8 32. c6 Rc2 33. Qh8+ Kf7
34. Qh5+ Kf8 35. Rxa5 Rxc6 36. Ra7 Rc7 37. Qh8+ Kf7 38. Qh5+ Kf8 39. Qh8+ Kf7
40. Rxc7+ Qxc7 41. Qh5+ Kf8 42. Qh8+ Kf7 43. Qh5+ Kf8 1/2-1/2

[Event "Millionaire Chess Op 2015"]
[Site "Las Vegas USA"]
[Date "2015.10.09"]
[Round "4.11"]
[White "Lenderman, Aleksandr"]
[Black "Berczes, David"]
[Result "1-0"]
[WhiteTitle "GM"]
[BlackTitle "GM"]
[WhiteElo "2623"]
[BlackElo "2495"]
[WhiteFideId "2021285"]
[BlackFideId "722960"]
[EventDate "2015.10.08"]

1. d4 e6 2. c4 b6 3. e4 Bb4+ 4. Bd2 Bxd2+ 5. Qxd2 d5 6. cxd5 exd5 7. e5 Ne7 8.
Bb5+ c6 9. Ba4 O-O 10. Ne2 f6 11. exf6 Rxf6 12. O-O Nd7 13. Nbc3 Rh6 14. Ng3 Nf8
15. Rfe1 Bd7 16. Re3 Neg6 17. Nce2 Nh4 18. Nf4 Nfg6 19. Nxg6 Rxg6 20. Rae1 Qf6
21. Bc2 Rh6 22. f3 Rf8 23. R1e2 Qf4 24. b4 Re6 25. Rxe6 Qxd2 26. Rxd2 Bxe6 27.
Re2 Kf7 28. Re3 Rc8 29. Rc3 Ke7 30. Nh5 g6 31. Nf4 Nf5 32. Bxf5 Bxf5 33. g4 Bd7
34. Nd3 Kd6 35. Kf2 Ra8 36. Ra3 g5 37. Ne5 Be8 38. f4 gxf4 39. Rh3 a5 40. Rh6+
Kc7 41. Rxh7+ Kd6 42. Rh6+ Kc7 43. a3 axb4 44. axb4 1-0

[Event "Millionaire Chess Op 2015"]
[Site "Las Vegas USA"]
[Date "2015.10.09"]
[Round "4.12"]
[White "Shimanov, Aleksandr"]
[Black "Boros, Denes"]
[Result "1-0"]
[WhiteTitle "GM"]
[BlackTitle "GM"]
[WhiteElo "2593"]
[BlackElo "2465"]
[WhiteFideId "4198603"]
[BlackFideId "722340"]
[EventDate "2015.10.08"]

1. d4 d5 2. c4 dxc4 3. Nf3 a6 4. e3 b5 5. a4 Bb7 6. b3 cxb3 7. axb5 axb5 8.
Bxb5+ c6 9. Rxa8 Bxa8 10. Bc4 e6 11. Qxb3 Nf6 12. Ne5 Nbd7 13. Nxf7 Kxf7 14.
Bxe6+ Ke7 15. Ba3+ c5 16. O-O Qc7 17. d5 Qb7 18. Qa4 g6 19. Nc3 Bg7 20. e4 Rb8
21. e5 Nxe5 22. Bxc5+ Kd8 23. Bd6 Ned7 24. Bxb8 Qxb8 25. Rb1 Bb7 26. Qb4 Qe5 27.
Qxb7 Qxc3 28. d6 Qc8 29. Qa7 Bh6 30. Qa5+ Ke8 31. Qc7 Qd8 32. Bxd7+ Qxd7 33.
Rb8+ Kf7 34. Rd8 1-0

[Event "Millionaire Chess Op 2015"]
[Site "Las Vegas USA"]
[Date "2015.10.09"]
[Round "4.13"]
[White "Azarov, Sergei"]
[Black "Salinas Herrera, Pablo"]
[Result "1-0"]
[WhiteTitle "GM"]
[BlackTitle "IM"]
[WhiteElo "2580"]
[BlackElo "2464"]
[WhiteFideId "13501470"]
[BlackFideId "3407128"]
[EventDate "2015.10.08"]

1. e4 e6 2. d4 d5 3. Nd2 Be7 4. Ngf3 Nf6 5. e5 Nfd7 6. Bd3 c5 7. c3 Nc6 8. O-O
a5 9. a4 cxd4 10. cxd4 Nb4 11. Bb1 b6 12. Re1 Ba6 13. Nf1 Rc8 14. Ra3 Rc6 15.
Rc3 Qc7 16. Ree3 Nb8 17. h4 h6 18. Ng3 Bc4 19. Nh5 Kf8 20. Nd2 Ba2 21. Qg4 g5
22. Rf3 Bxb1 23. Nxb1 Na2 24. hxg5 Nxc3 25. Nxc3 hxg5 26. Bxg5 Ke8 27. Ng7+ Kf8
28. Nh5 Ke8 29. Ng7+ Kf8 30. Be3 Qd7 31. Nh5 Ke8 32. Rxf7 Qd8 33. Qg6 1-0

[Event "Millionaire Chess Op 2015"]
[Site "Las Vegas USA"]
[Date "2015.10.09"]
[Round "4.14"]
[White "Sturt, Raven M"]
[Black "Stukopin, Andrey"]
[Result "0-1"]
[BlackTitle "GM"]
[WhiteElo "2368"]
[BlackElo "2572"]
[WhiteFideId "2007304"]
[BlackFideId "24107131"]
[EventDate "2015.10.08"]

1. Nf3 c5 2. g3 g6 3. Bg2 Bg7 4. O-O Nc6 5. c4 Nh6 6. Nc3 Nf5 7. Rb1 d6 8. a3 h5
9. d3 h4 10. Bd2 hxg3 11. hxg3 Bd7 12. e3 Qc8 13. Nd5 Rb8 14. b4 b6 15. Bc3 Bxc3
16. Nxc3 Ng7 17. Ne4 f6 18. Nh2 Bh3 19. g4 Bxg2 20. Kxg2 f5 21. Ng3 Ne5 22. f3
Qe6 23. Rh1 Kd7 24. Qa4+ Kc7 25. d4 Nd3 26. Nhf1 Qxc4 27. Nd2 Qa2 28. Rhd1 fxg4
29. bxc5 gxf3+ 30. Kxf3 dxc5 31. Qxa7+ Rb7 32. Qa4 Rh2 33. Nde4 Qf7+ 34. Kg4 Nf5
35. Rf1 Nxe3+ 36. Kg5 Qd5+ 37. Kxg6 Qg8# 0-1

[Event "Millionaire Chess Op 2015"]
[Site "Las Vegas USA"]
[Date "2015.10.09"]
[Round "4.15"]
[White "Ramirez, Alejandro"]
[Black "Meinhardt, Maximilian"]
[Result "0-1"]
[WhiteTitle "GM"]
[BlackTitle "IM"]
[WhiteElo "2586"]
[BlackElo "2381"]
[WhiteFideId "6500617"]
[BlackFideId "4668766"]
[EventDate "2015.10.08"]

1. Nf3 d5 2. c4 e6 3. g3 c5 4. Bg2 Nf6 5. O-O Nc6 6. d4 Be7 7. dxc5 Bxc5 8. a3
O-O 9. b4 Be7 10. Nbd2 b6 11. Bb2 Bb7 12. cxd5 exd5 13. Rc1 Re8 14. Rc2 Bf8 15.
Nb3 Ne4 16. Qc1 Ne7 17. Nfd4 Nd6 18. Rd1 Rc8 19. Bc3 Qd7 20. Qa1 Qa4 21. Rdc1
Ba6 22. Nd2 Nb5 23. Nxb5 Bxb5 24. Nf3 Nf5 25. Qb2 Nd6 26. Nd4 Bc4 27. Qa1 Ne4
28. Bb2 g6 29. Nf3 a5 30. Ne5 Ba6 31. Bxe4 dxe4 32. Ng4 Rxc2 33. Nf6+ Kg7 34.
Nxe8+ Kg8 35. Nf6+ Kg7 36. Nxe4+ Kg8 37. Nf6+ Kg7 38. Nd7+ Kg8 39. Nxf8 Rxc1+
40. Qxc1 Kxf8 41. Qd2 Ke7 42. Qg5+ Kd7 43. Qd5+ Ke7 44. Be5 Qd7 45. Bf6+ Ke8 46.
Qe5+ Qe6 47. Qb8+ Qc8 48. Qxb6 Bxe2 49. Qe3+ Qe6 50. Qd4 Qd7 51. Qe5+ Qe6 52.
Qb8+ Kd7 53. Qd8+ Kc6 54. bxa5 Kb7 55. Bd4 Bc4 56. h4 Bd5 57. Qb6+ Kc8 58. Qc5+
Kb7 59. a6+ Kxa6 60. Qa7+ Kb5 61. a4+ Kc4 62. Qc5+ Kd3 63. Qc3+ Ke2 64. Qc2+ Kf3
65. Be3 Kg4 66. Qd1+ Bf3 67. Qd4+ Qe4 68. Qf6 Qb1+ 0-1

[Event "Millionaire Chess Op 2015"]
[Site "Las Vegas USA"]
[Date "2015.10.09"]
[Round "4.16"]
[White "Yang, Kaiqi"]
[Black "Kaidanov, Gregory S"]
[Result "1/2-1/2"]
[WhiteTitle "IM"]
[BlackTitle "GM"]
[WhiteElo "2355"]
[BlackElo "2561"]
[WhiteFideId "8604398"]
[BlackFideId "2008564"]
[EventDate "2015.10.08"]

1. e4 e5 2. Nf3 Nc6 3. Bb5 a6 4. Ba4 Nf6 5. O-O b5 6. Bb3 Bb7 7. d3 Be7 8. Nc3
O-O 9. Bd2 d6 10. a4 Na5 11. Ba2 b4 12. Nd5 Bxd5 13. exd5 Rb8 14. Re1 Re8 15.
Ng5 Nd7 16. Qh5 Bxg5 17. Bxg5 Qc8 18. Bd2 Nf6 19. Qf3 c6 20. Bg5 Nxd5 21. Bxd5
cxd5 22. Qxd5 Qc5 23. Qxc5 dxc5 24. Be3 f6 25. Rac1 Rbc8 26. f3 Kf7 27. Kf2 Red8
28. b3 Rd5 29. Ke2 Rb8 30. g4 Nc6 31. Kd2 Rbd8 32. Re2 R8d7 33. Rf1 Nd8 34. Kc1
Ne6 35. h4 g6 36. f4 exf4 37. Bxf4 Nxf4 38. Rxf4 Rd4 39. Ref2 Rxf4 40. Rxf4 Rd4
41. Re4 Rxe4 42. dxe4 f5 43. gxf5 gxf5 44. exf5 Kf6 45. Kd2 Kxf5 46. Kd3 Kg4 47.
Kc4 Kxh4 48. Kxc5 a5 49. Kd4 Kg3 50. c4 bxc3 51. Kd3 Kf4 52. b4 Ke5 53. bxa5 Kd6
54. a6 Kc7 55. Kxc3 Kb6 56. Kd4 Kxa6 57. Ke4 Ka5 58. Kf4 Kxa4 59. Ke4 1/2-1/2

[Event "Millionaire Chess Op 2015"]
[Site "Las Vegas USA"]
[Date "2015.10.09"]
[Round "4.17"]
[White "Indjic, Aleksandar"]
[Black "Johnson, Leonard J"]
[Result "1-0"]
[WhiteTitle "GM"]
[BlackTitle "FM"]
[WhiteElo "2569"]
[BlackElo "2297"]
[WhiteFideId "911925"]
[BlackFideId "2007959"]
[EventDate "2015.10.08"]

1. Nf3 d5 2. c4 e6 3. d4 Nf6 4. Nc3 Be7 5. Bg5 O-O 6. e3 h6 7. Bxf6 Bxf6 8. Qc2
Nc6 9. O-O-O Na5 10. h4 Nxc4 11. g4 g6 12. g5 Bg7 13. Bxc4 dxc4 14. Qe4 Re8 15.
Qf4 f6 16. Ne4 f5 17. Ne5 Kf8 18. Nxg6+ Kf7 19. Ne5+ Ke7 20. Rh2 Rg8 21. Nf6 1-0

[Event "Millionaire Chess Op 2015"]
[Site "Las Vegas USA"]
[Date "2015.10.09"]
[Round "4.18"]
[White "Sheng, Joshua"]
[Black "Caruana, Fabiano"]
[Result "1-0"]
[WhiteTitle "FM"]
[BlackTitle "GM"]
[WhiteElo "2425"]
[BlackElo "2796"]
[WhiteFideId "2057360"]
[BlackFideId "2020009"]
[EventDate "2015.10.08"]

1. e4 c5 2. Nf3 e6 3. d4 cxd4 4. Nxd4 a6 5. Bd3 Bc5 6. Nb3 Be7 7. Qg4 g6 8. Qe2
d6 9. a4 Nc6 10. O-O Ne5 11. a5 Nf6 12. Nc3 O-O 13. Na4 Nxd3 14. cxd3 e5 15. Nb6
Rb8 16. d4 Be6 17. d5 Bd7 18. Nxd7 Qxd7 19. Nd2 Rfc8 20. Qd3 Qc7 21. b3 Qc2 22.
Qxc2 Rxc2 23. f3 Nd7 24. Rb1 b5 25. b4 Rbc8 26. Re1 Bg5 27. Nb3 Bxc1 28. Nxc1 f5
29. Ne2 fxe4 30. fxe4 Rd2 31. Kf2 Rcc2 32. Rbd1 Rxd1 33. Rxd1 Nf6 1-0

[Event "Millionaire Chess Op 2015"]
[Site "Las Vegas USA"]
[Date "2015.10.09"]
[Round "4.19"]
[White "Aldama Degurnay, Dionisio"]
[Black "Kamsky, Gata"]
[Result "0-1"]
[WhiteTitle "IM"]
[BlackTitle "GM"]
[WhiteElo "2386"]
[BlackElo "2680"]
[WhiteFideId "3500268"]
[BlackFideId "2000024"]
[EventDate "2015.10.08"]

1. e4 c5 2. Nf3 e6 3. d4 cxd4 4. Nxd4 a6 5. c4 b6 6. Nc3 Bb7 7. Be2 Nf6 8. f3 d6
9. Be3 Nbd7 10. Qd2 Be7 11. g4 h6 12. h4 Ne5 13. Rg1 Nfd7 14. f4 Bxh4+ 15. Kd1
Nc6 16. Nxc6 Bxc6 17. Qxd6 Rc8 18. Kc2 Be7 19. Qd4 b5 20. Nb1 Qa5 21. a3 e5 22.
Qd3 exf4 23. Bd4 0-1

[Event "Millionaire Chess Op 2015"]
[Site "Las Vegas USA"]
[Date "2015.10.09"]
[Round "4.20"]
[White "Akobian, Varuzhan"]
[Black "Norowitz, Yaacov"]
[Result "1/2-1/2"]
[WhiteTitle "GM"]
[BlackTitle "IM"]
[WhiteElo "2634"]
[BlackElo "2435"]
[WhiteFideId "13300580"]
[BlackFideId "2024799"]
[EventDate "2015.10.08"]

1. d4 Nf6 2. c4 e6 3. Nc3 Bb4 4. Qc2 Nc6 5. Nf3 d6 6. Bd2 e5 7. a3 Bxc3 8. Bxc3
Qe7 9. d5 Nb8 10. Nd2 O-O 11. e4 Nh5 12. g3 f5 13. Be2 Qf7 14. O-O-O fxe4 15.
Nxe4 Bf5 16. f4 Nf6 17. Nxf6+ Qxf6 18. Qd2 Nd7 19. fxe5 Nxe5 20. Rhf1 Qe7 21.
Rde1 Bg6 22. Qe3 Rxf1 23. Bxf1 Qd7 1/2-1/2

[Event "Millionaire Chess Op 2015"]
[Site "Las Vegas USA"]
[Date "2015.10.09"]
[Round "4.21"]
[White "Herman, Matthew J"]
[Black "Zherebukh, Yaroslav"]
[Result "1-0"]
[BlackTitle "GM"]
[WhiteElo "2384"]
[BlackElo "2637"]
[WhiteFideId "2028964"]
[BlackFideId "14116804"]
[EventDate "2015.10.08"]

1. e4 c5 2. Nf3 e6 3. d4 cxd4 4. Nxd4 Nc6 5. Nc3 a6 6. Nxc6 bxc6 7. Qf3 d5 8.
Qg3 Nf6 9. Bd3 g6 10. O-O Bg7 11. Bd2 O-O 12. Rad1 Nd7 13. Rfe1 a5 14. Bg5 Qb6
15. Na4 Qb4 16. b3 e5 17. c4 d4 18. c5 Ba6 19. Bxa6 Rxa6 20. Be7 Re8 21. Bd6 Bf8
22. Bxf8 Nxf8 23. Re2 Ra7 24. Rc2 Qb8 25. Nb2 Ne6 26. Nd3 f6 27. Rc4 a4 28. bxa4
Qa8 29. f4 Rxa4 30. Rc2 exf4 31. Nxf4 Ng5 32. Qb3+ Kh8 33. h4 Nxe4 34. Re1 f5
35. Ne6 Qa7 36. Ng5 Ra3 37. Qb4 d3 38. Nxe4 dxc2 39. Qb2+ Qg7 40. Qxa3 Rxe4 41.
Rxe4 fxe4 42. h5 Qd4+ 43. Kh1 Qa1+ 1-0

[Event "Millionaire Chess Op 2015"]
[Site "Las Vegas USA"]
[Date "2015.10.09"]
[Round "4.22"]
[White "Sorkin, Igor"]
[Black "Zhou, Jianchao"]
[Result "1/2-1/2"]
[BlackTitle "GM"]
[WhiteElo "2392"]
[BlackElo "2606"]
[WhiteFideId "2803283"]
[BlackFideId "8603537"]
[EventDate "2015.10.08"]

1. c4 e6 2. d4 Nf6 3. Nf3 d5 4. Nc3 c6 5. e3 Nbd7 6. Bd3 dxc4 7. Bxc4 b5 8. Bd3
Bb7 9. e4 b4 10. Na4 c5 11. e5 Nd5 12. O-O cxd4 13. Re1 Be7 14. Nxd4 O-O 15. Qh5
g6 16. Qh6 Re8 1/2-1/2

[Event "Millionaire Chess Op 2015"]
[Site "Las Vegas USA"]
[Date "2015.10.09"]
[Round "4.23"]
[White "Xiong, Jeffery"]
[Black "Garcia, Gildardo"]
[Result "1-0"]
[WhiteTitle "GM"]
[BlackTitle "GM"]
[WhiteElo "2537"]
[BlackElo "2397"]
[WhiteFideId "2047640"]
[BlackFideId "4400020"]
[EventDate "2015.10.08"]

1. e4 e5 2. Nf3 Nc6 3. Bb5 a6 4. Ba4 Nf6 5. O-O Nxe4 6. d4 b5 7. Bb3 d5 8. dxe5
Be6 9. Nbd2 Nc5 10. c3 Be7 11. Bc2 d4 12. Nb3 d3 13. Bb1 Nxb3 14. axb3 Bf5 15.
Be3 O-O 16. Bd4 Qd5 17. Re1 Bc5 18. Bxd3 Bxd3 19. Qxd3 Bxd4 20. cxd4 h6 21. Rac1
Rad8 22. Red1 Rd7 23. Qc3 Nd8 24. b4 Ne6 25. Rd2 Rfd8 26. Rcd1 g5 27. Ne1 a5 28.
Nc2 axb4 29. Nxb4 Qe4 30. f3 Qf5 31. Nc6 Ra8 32. d5 Nf4 33. Qb4 Kg7 34. Qxb5 Re8
35. Nd4 Qxe5 36. Qxd7 Qe3+ 37. Kf1 1-0

[Event "Millionaire Chess Op 2015"]
[Site "Las Vegas USA"]
[Date "2015.10.09"]
[Round "4.24"]
[White "Ivanov, Alexander"]
[Black "Coleman, Teddy"]
[Result "0-1"]
[WhiteTitle "GM"]
[BlackTitle "IM"]
[WhiteElo "2531"]
[BlackElo "2378"]
[WhiteFideId "2000202"]
[BlackFideId "2022010"]
[EventDate "2015.10.08"]

1. e4 e5 2. Nf3 Nc6 3. Bb5 a6 4. Ba4 Nf6 5. O-O Be7 6. Re1 b5 7. Bb3 d6 8. c3
O-O 9. h3 Na5 10. Bc2 c5 11. d4 Qc7 12. Nbd2 cxd4 13. cxd4 Nc6 14. Nb3 a5 15.
Be3 a4 16. Nbd2 Bd7 17. Rc1 Rac8 18. a3 Qb8 19. Bb1 Na5 20. Rxc8 Rxc8 21. Ba2
Be6 22. Qb1 Nd7 23. Rc1 Bf6 24. Rxc8+ Qxc8 25. Qf1 Nb8 26. dxe5 dxe5 27. Ne1 Be7
28. Nd3 Nbc6 29. Qc1 Bd7 30. Qc3 Qb8 31. Bc5 Bf6 32. Bd5 Nb7 33. Be3 Qd6 34. Nf3
g6 35. Bxc6 Bxc6 36. Nfxe5 Bxe4 37. Qc8+ Nd8 38. Bc5 Qd5 39. Qb8 Bxd3 0-1

[Event "Millionaire Chess Op 2015"]
[Site "Las Vegas USA"]
[Date "2015.10.09"]
[Round "4.26"]
[White "Troff, Kayden W"]
[Black "Gergacz, Attila"]
[Result "1-0"]
[WhiteTitle "GM"]
[BlackTitle "IM"]
[WhiteElo "2517"]
[BlackElo "2364"]
[WhiteFideId "2047896"]
[BlackFideId "730157"]
[EventDate "2015.10.08"]

1. d4 d5 2. c4 c6 3. Nf3 Nf6 4. Nc3 e6 5. e3 Be7 6. Qc2 O-O 7. b3 Nbd7 8. Bd3 c5
9. cxd5 exd5 10. O-O b6 11. Bb2 Bb7 12. Rfd1 Rc8 13. Qe2 Qc7 14. Bf5 g6 15. Bh3
Rcd8 16. Rac1 Qb8 17. dxc5 bxc5 18. Na4 Ne4 19. Nd2 Nxd2 20. Qxd2 f5 21. g3 d4
22. f4 Bf6 23. exd4 cxd4 24. Qf2 Qd6 25. Bg2 Be4 26. Qe2 d3 27. Qf2 Rfe8 28. Bf1
Nb6 29. Bxf6 Qxf6 30. Nc5 Rd5 31. Nxd3 Red8 32. Nb2 Rxd1 33. Rxd1 Rxd1 34. Nxd1
Kg7 35. Qc5 Kh6 36. Ne3 Kg7 37. a4 Qf8 38. Qe5+ Qf6 39. Qc7+ Qf7 40. Qe5+ Qf6
41. Qc5 Qf8 42. Qxf8+ Kxf8 43. Kf2 Ke7 44. Ke1 h6 45. Kd2 g5 46. Kc3 gxf4 47.
gxf4 Nd7 48. Kd4 Nf6 49. Be2 Kd6 50. b4 Ne8 51. b5 Nc7 52. Bc4 Ne8 53. a5 Ng7
54. Bf7 Bb7 55. Nc4+ Ke7 56. Bd5 Bc8 57. Ke5 Kd8 58. b6 axb6 59. axb6 1-0

[Event "Millionaire Chess Op 2015"]
[Site "Las Vegas USA"]
[Date "2015.10.09"]
[Round "4.27"]
[White "Arun Prasad, S."]
[Black "Gulamali, Kazim"]
[Result "1-0"]
[WhiteTitle "GM"]
[BlackTitle "FM"]
[WhiteElo "2520"]
[BlackElo "2349"]
[WhiteFideId "5011167"]
[BlackFideId "2024764"]
[EventDate "2015.10.08"]

1. d4 Nf6 2. c4 e6 3. Nc3 Bb4 4. e3 O-O 5. Bd3 c5 6. Nf3 d5 7. O-O Nc6 8. cxd5
exd5 9. dxc5 Bxc5 10. h3 Be6 11. b3 Qe7 12. Bb2 Rfd8 13. Ne2 Rac8 14. Ned4 Ne4
15. Qe2 Bd6 16. Rac1 Bd7 17. Rfd1 Bb8 18. Bb5 Qd6 19. Nxc6 Bxc6 20. Be5 Qb4 21.
Bd3 Qe7 22. Bxb8 Rxb8 23. Nd4 Bd7 24. Qf3 Qe5 25. Bxe4 dxe4 26. Qf4 Qxf4 27.
exf4 g6 28. Kf1 Rbc8 29. Rxc8 Rxc8 30. Ke2 Kf8 31. Kd2 f5 32. Rc1 Rxc1 33. Kxc1
Ke7 34. Kd2 Kd6 35. Kc3 Kd5 36. Nc2 a5 37. a3 Kc5 38. h4 Bc8 39. b4+ axb4+ 40.
axb4+ Kd5 41. Ne3+ Kd6 42. Kd4 Be6 43. g3 Bf7 44. h5 Bb3 45. h6 b6 46. g4 Ke6
47. g5 Kd6 48. Nf1 Be6 49. Nd2 Bd5 50. Nb1 Be6 51. Nc3 Bb3 52. Nb5+ Kc6 53. Na7+ 1-0

[Event "Millionaire Chess Op 2015"]
[Site "Las Vegas USA"]
[Date "2015.10.09"]
[Round "4.28"]
[White "Viswanadha, Kesav"]
[Black "Pakleza, Zbigniew"]
[Result "0-1"]
[WhiteTitle "IM"]
[BlackTitle "GM"]
[WhiteElo "2367"]
[BlackElo "2517"]
[WhiteFideId "2059533"]
[BlackFideId "1119290"]
[EventDate "2015.10.08"]

1. e4 e5 2. Nf3 d6 3. d4 exd4 4. Nxd4 Nf6 5. Nc3 Be7 6. g3 O-O 7. Bg2 Re8 8. O-O
Bf8 9. Bf4 a5 10. Qd2 a4 11. Rad1 Bg4 12. f3 Bd7 13. Kh1 Nc6 14. Nde2 Ne5 15. g4
h6 16. g5 hxg5 17. Bxg5 Be7 18. b3 axb3 19. axb3 Ng6 20. f4 Ng4 21. h3 Bxg5 22.
fxg5 N4e5 23. Ng3 Nh4 24. Qf4 Nxg2 25. Kxg2 Be6 26. Nf5 Qd7 27. Qg3 Ra5 28. Rf2
Ng6 29. Rdf1 Rc5 30. Rf3 b5 31. Nd4 b4 32. Nce2 Qe7 33. h4 Bc8 34. Kg1 Ba6 35.
Rxf7 Qxe4 36. h5 Bxe2 37. Nxe2 Qxe2 38. h6 Re7 39. R7f3 Rce5 40. hxg7 Rxg5 41.
Rf8+ Kxg7 42. R1f7+ Kh6 0-1

[Event "Millionaire Chess Op 2015"]
[Site "Las Vegas USA"]
[Date "2015.10.09"]
[Round "4.29"]
[White "Sarwer, Jeff"]
[Black "Tazbir, Marcin"]
[Result "0-1"]
[WhiteTitle "FM"]
[BlackTitle "GM"]
[WhiteElo "2312"]
[BlackElo "2516"]
[WhiteFideId "2604213"]
[BlackFideId "1122452"]
[EventDate "2015.10.08"]

1. d4 Nf6 2. c4 d6 3. Nc3 Nbd7 4. e4 e5 5. d5 Be7 6. Be3 O-O 7. Be2 c6 8. Qd2 a6
9. g4 cxd5 10. cxd5 b5 11. g5 b4 12. gxf6 bxc3 13. Qxc3 Nxf6 14. f3 Bd7 15. Bd3
Nh5 16. Ne2 Bh4+ 17. Kd2 f5 18. Qb4 Rb8 19. Qxd6 fxe4 20. fxe4 Qa5+ 21. Kc2
Rfc8+ 22. Kb1 Bb5 23. Nc1 Bxd3+ 24. Nxd3 Qc3 25. Qe6+ Kh8 0-1

[Event "Millionaire Chess Op 2015"]
[Site "Las Vegas USA"]
[Date "2015.10.09"]
[Round "4.31"]
[White "Fishbein, Alexander"]
[Black "Rojas Sepulveda, Eduardo"]
[Result "0-1"]
[WhiteTitle "GM"]
[BlackTitle "FM"]
[WhiteElo "2489"]
[BlackElo "2304"]
[WhiteFideId "2000377"]
[BlackFideId "3400166"]
[EventDate "2015.10.08"]

1. e4 c5 2. Nf3 d6 3. d4 cxd4 4. Nxd4 Nf6 5. Nc3 e6 6. Be2 Be7 7. O-O O-O 8. f4
Nc6 9. Be3 Qc7 10. Kh1 a6 11. a4 Nxd4 12. Qxd4 e5 13. Qd2 exf4 14. Bxf4 Be6 15.
Rad1 Rad8 16. Qd4 Qc5 17. Bf3 Qxd4 18. Rxd4 Rd7 19. Rfd1 Rfd8 20. h3 h6 21. e5
Ne8 22. a5 dxe5 23. Bxe5 Rxd4 24. Rxd4 Rxd4 25. Bxd4 Bc8 26. Nd5 Bd8 27. Bb6 Bg5
28. Bc5 Bd7 29. Nb4 Bc8 30. g3 Bd8 31. Bb6 Bxb6 32. axb6 Nd6 33. b3 a5 34. Nd5
Kf8 35. Ne3 Ke7 36. c4 Be6 37. Nd5+ Kd7 38. Nc3 Kc8 39. g4 Kb8 40. c5 Ne8 41.
Bd5 Nf6 42. Bxe6 fxe6 43. Kg2 Kc8 44. Kf3 Kd7 45. Ke3 Nd5+ 46. Kd4 Nxc3 47. Kxc3
e5 48. Kd3 Kc6 49. Ke4 Kxc5 50. Kxe5 Kxb6 51. Kf5 Kc5 52. Kg6 b5 53. Kxg7 a4 54.
bxa4 bxa4 55. Kxh6 a3 56. g5 a2 57. g6 a1=Q 58. g7 0-1

[Event "Millionaire Chess Op 2015"]
[Site "Las Vegas USA"]
[Date "2015.10.09"]
[Round "4.32"]
[White "Drozdowski, Kacper"]
[Black "Flaquer, Luis"]
[Result "1-0"]
[WhiteTitle "IM"]
[BlackTitle "FM"]
[WhiteElo "2479"]
[BlackElo "2255"]
[WhiteFideId "1136720"]
[BlackFideId "6400485"]
[EventDate "2015.10.08"]

1. e4 c6 2. d4 d5 3. Nc3 dxe4 4. Nxe4 Bf5 5. Ng3 Bg6 6. Nh3 e6 7. Nf4 Bd6 8.
Ngh5 Bf8 9. c3 Nd7 10. Nxg6 hxg6 11. Nf4 Bd6 12. g3 Qc7 13. Bg2 Ngf6 14. O-O g5
15. Nh3 g4 16. Ng5 Kf8 17. Re1 Re8 18. Qb3 Rh5 19. Bd2 c5 20. dxc5 Qxc5 21. Rad1
b6 22. Ne4 Nxe4 23. Rxe4 Qf5 24. Bf4 Ne5 25. Bxe5 Bxe5 26. Qb4+ Kg8 27. Rxg4 g6
28. Re4 Kg7 29. h4 Rhh8 30. Rd3 a5 31. Qxb6 Rb8 32. Qxa5 Bxg3 33. Qxf5 exf5 34.
Rb4 Rxb4 35. cxb4 Be5 36. b3 Rxh4 37. b5 Bd4 38. a4 Rf4 39. Rxd4 Rxd4 40. a5
Rd1+ 41. Kh2 Ra1 42. a6 Kf6 43. Bb7 1-0